| 000 | 02014nam0a2200385 4500 | ||
|---|---|---|---|
| 001 | RU\NLR\bibl\1771521 | ||
| 005 | 20260405073636.0 | ||
| 010 |
_a978-5-17-072217-4 _bАСТ |
||
| 010 |
_a978-5-271-34340-7 _bАстрель _93000 |
||
| 021 |
_aRU _b2011-32771 _92338 |
||
| 035 | _a(nilc)RSL-KNO-004940302 | ||
| 035 | _aKML\BIBL\0000020231 | ||
| 035 | _a(NLR Aleph) 001762302 | ||
| 090 |
_a1585976 _c1585976 |
||
| 100 | _a20110510d2011 |||y0rusy50 ca | ||
| 101 | 1 |
_arus _cger |
|
| 102 | _aRU | ||
| 105 | _ay ||||||||| | ||
| 200 | 1 |
_aРосхальде _e[роман] _fГерман Гессе _g[пер. с нем. В.Д. Седельника] |
|
| 210 |
_aМосква _cАСТ _cАстрель _d2011 |
||
| 215 |
_a252, [2] с. _d21 |
||
| 225 | 1 | _aКнига на все времена | |
| 330 | _aЗнаменитый роман, поднимающий темы противоречивости человеческой натуры и страсти к путешествиям, волновавшие писателя на протяжении всей жизни. Хроника распада буржуазной семьи. Размышление о том, стоит ли художнику или мыслителю связывать себя узами брака. История духовного поиска, любви, потери и преодоления себя. Знаковое произведение, навеянное событиями в жизни самого Германа Гессе. | ||
| 686 |
_aШ5(4Ш)153-644 _2rubbk |
||
| 686 |
_a0611 _aЗарубежная проза _2TCC-BG |
||
| 686 | _aШ6(4Ш)167-4{Лх1398-50} | ||
| 700 | 1 |
_4070 _8rus _7ca _aГессе _bГ. _f1877-1962 _gГерман _3RU\NLR\auth\7720788 _93854 |
|
| 801 | 0 |
_aRU _bРКП _c20110510 _grcr |
|
| 801 | 1 |
_aRU _bРГБ _c20110510 |
|
| 801 | 2 |
_aRU _bНБР Карелия _c20110713 _grcr |
|
| 801 | 2 |
_aRU _bNLR _c20110523 _grcr |
|
| 942 | _cBOOK | ||
| 980 | _aNB | ||
| 980 | _aNBR | ||